000 01489nam a2200313Ia 4500
999 _c34549
_d34549
001 309
003 GE_BSU
005 20200130172343.0
008 181216s2009||||ge |||||||||||||| ||geo||
020 _a9789941011924
040 _cGE_BSU
041 _ageo
080 _a330.1+338.24+330.101.541(479.22) ბ-37
100 _aბახტაძე, ლელა
_96556
245 _aგარდამავალი ეკონომიკის თეორიისა და პრაქტიკის აქტუალური პრობლემები /
_cლელა ბახტაძე ; [რედ. რევაზ კაკულია].
264 _aთბილისი,
_c2009.
300 _a154 გვ. ;
_b19 სმ.
504 _aბიბლიოგრ. ტექსტ. შენიშვნ. და გვ. 150-152.
520 _aრეზ. ინგლ.
541 _h15 ლ
653 _aეკონომიკა
653 _aგარდამავალი ეკონომიკა
653 _a საქართველოს ეკონომიკის მართვა
653 _a საქართველოს მაკროეკონომიკა
653 _a ეკონომიკური რეფორმები საქართველოში
700 _aკაკულია, რევაზ
_eრედაქტორი
_9751
710 _a თსუ
_96557
942 _cBK
_2udc